000 00465nam a22001697a 4500
005 20251108172930.0
008 250721s2004 xx 000 0 ara d
082 1 4 _aق/حلي
100 1 _aابو حليوه، احمد
245 1 0 _aسعير الشتات /
264 1 _aعمان :
_bدار الجيل العربي للنشر،
_c2004.
300 _a111ص.
650 1 7 _aالقصص
650 1 7 _aالأدب العربي
942 _2ddc
_cBK
999 _c92142
_d92142